000 00843nam a2200217 a 4500
005 20160210143900.0
008 140312t2003 ck a gr|||| 00| 0 spa d
040 _aCO-BoIAVH
_cCO-BoIAVH
041 _aspa
044 _ack
082 0 4 _a581.634
_bS61s
245 _aSimposio sobre plantas medicinales y aromáticas, una alternativa de diversificación de cultivos en las regiones andina y agroindustriales de Colombia
_bcurso nacional para el conocimiento de las plantas medicinales y aromáticas
260 _aMedellín
_bHerbario Universidad de Antioquia
_c2003
300 _a2 vol.
_c23 x 156 cm.
650 0 4 _aPlantas medicinales inmunoduladoras
650 0 4 _aBionegocios
650 0 4 _aDesarrollo sostenible
_zPeru
700 1 _aFonnegra Gómez, Ramiro
942 _cLIBRO
_2ddc
_01
945 _d2004-01-28
999 _c3627
_d3627